Music Quiz

Random Music or The Beatles Quiz

Name that Beatles' Song Quiz Stats

 Plays Quiz not verified by Sporcle

Score 0/20 Timer 05:00
0 Plays Today
First line the lyrics title % Correct
Oh yeah, I'll tell you somethingi want to hold your hand
89.9%
picture yourself in a boat on a riverlucy in the sky with diamonds
89.5%
when i find myself in times of troublelet it be
89.5%
Close your eyes and I'll kiss youall my loving
88%
you say yes, i say no hello goodbye
87.7%
when i get older losing my hairwhen i'm 64
85.9%
I am he as you are he as you are mei am the walrus
84.1%
what would you think if i sang out a tunewith a little help from my friends
83.7%
oo i need your love babeeight days a week
83.3%
Love, love, love, love, love, love, love, love...all you need is love
81.9%
First line the lyrics title % Correct
I'd like to be under the seaoctopus's garden
81.2%
let me take you downstrawberry fields forever
81.2%
I think I'm gonna be sadticket to ride
75.7%
here i stand head in handyou've got to hide your love away
65.6%
Words are flying out like endless rainacross the universe
65.6%
when i was younger help
63.8%
I give her all my loveand i love her
63%
This happened once beforeno reply
51.1%
you know you make me want toshout
49.3%
We said our goodbyesthe night before
40.6%

You're not logged in!

Compare scores with friends on all Sporcle quizzes.
OR
Log In

Show Comments

Extras

Created Oct 20, 2010ReportNominate
Tags:Song Quiz, The Beatles Quiz

Top Quizzes Today


Score Distribution

Your Account Isn't Verified!

In order to create a playlist on Sporcle, you need to verify the email address you used during registration. Go to your Sporcle Settings to finish the process.

Report this User

Report this user for behavior that violates our Community Guidelines.

Details: